| 000 | 01719nam a2200337 4500 | ||
|---|---|---|---|
| 001 | 106 | ||
| 003 | OSt | ||
| 005 | 20250327120738.0 | ||
| 008 | 250127b |||||||g |||| 00| j eng d | ||
| 020 | _a9788565765985 | ||
| 040 | _bpor | ||
| 041 |
_heng _apor |
||
| 082 |
_a028.5 _bC343f |
||
| 100 |
_aCass, kiera _d1981- _9233 |
||
| 240 | _aHappily Ever After | ||
| 245 |
_aFelizes para sempre: _bAntologia de contos da Seleção / _cCass, Kiera ; Tradução de Cristian Clemente e Ilustração de Sandra Suy |
||
| 260 |
_aSão Paulo _bSeguinte _c2016 |
||
| 300 |
_a343 p. _bil. |
||
| 490 | 1 | _aSeleção | |
| 520 | _aEsta coletânea traz os contos A rainha, O príncipe, O guarda e A favorita ilustrados e com introduções de Kiera Cass. Conheça o príncipe Maxon antes de ele se apaixonar por America, e a rainha Amberly antes de ser escolhida por Clarkson. Veja a Seleção através dos olhos de um guarda que perdeu seu primeiro amor e de uma Selecionada que se apaixonou pelo garoto errado. Você encontrará, ainda, cenas inéditas da série narradas pelos pontos de vista de Celeste e Lucy, um texto contando o que aconteceu com as outras Selecionadas depois do fim da competição e um trecho exclusivo de A sereia, o novo romance de Kiera Cass. Este é um livro essencial para os fãs de A Seleção, que poderão mergulhar mais nesse universo tão apaixonante. | ||
| 650 | 0 |
_aLiteratura Americana _984 |
|
| 650 | 0 |
_aAmor e Paixão _925 |
|
| 650 | 0 |
_aDrama _918 |
|
| 650 | 0 |
_aHistorias curtas _967 |
|
| 650 | 0 |
_aInfantojuvenil _9200 |
|
| 655 | 0 |
_aConto _968 |
|
| 700 |
_aCristian Clemente _eTradutor _9235 |
||
| 700 |
_aSandra Suy _eIlustração _9236 |
||
| 830 |
_aSeleção _9237 |
||
| 942 |
_2ddc _n0 _cBK |
||
| 999 |
_c106 _d106 |
||